Peace-building in post-conflict societies : (Record no. 7404)

MARC details
000 -LEADER
fixed length control field 01264cam a22003617i 4500
001 - CONTROL NUMBER
control field 21205768
003 - CONTROL NUMBER IDENTIFIER
control field OSt
005 - DATE AND TIME OF LATEST TRANSACTION
control field 20211026141924.0
008 - FIXED-LENGTH DATA ELEMENTS--GENERAL INFORMATION
fixed length control field 190521s2019 enk 000 0 eng d
010 ## - LIBRARY OF CONGRESS CONTROL NUMBER
LC control number 2018493618
015 ## - NATIONAL BIBLIOGRAPHY NUMBER
National bibliography number GBB998461
Source bnb
016 7# - NATIONAL BIBLIOGRAPHIC AGENCY CONTROL NUMBER
Record control number 019419129
Source Uk
020 ## - INTERNATIONAL STANDARD BOOK NUMBER
International Standard Book Number 9781906704278
Qualifying information (pbk.)
020 ## - INTERNATIONAL STANDARD BOOK NUMBER
International Standard Book Number 1906704279
035 ## - SYSTEM CONTROL NUMBER
System control number (OCoLC)on1104601576
040 ## - CATALOGING SOURCE
Original cataloging agency UKMGB
Language of cataloging eng
Transcribing agency DDC
Description conventions rda
Modifying agency OCLCO
-- YDX
-- OCLCF
-- STF
-- OCLCQ
-- DLC
042 ## - AUTHENTICATION CODE
Authentication code lccopycat
043 ## - GEOGRAPHIC AREA CODE
Geographic area code f-ug---
050 00 - LIBRARY OF CONGRESS CALL NUMBER
Classification number UB419.U33
Item number B36 2019
082 04 - DEWEY DECIMAL CLASSIFICATION NUMBER
Classification number 308.6ART 2019
100 1# - MAIN ENTRY--PERSONAL NAME
Personal name Bainomugisha, Arthur;
Relator term author.
9 (RLIN) 15166
245 10 - TITLE STATEMENT
Title Peace-building in post-conflict societies :
Remainder of title Rehabilitation of former child soldiers in Northern Uganda.
Statement of responsibility, etc. Edited by Bainomugisha,Arthur;
264 #1 - PRODUCTION, PUBLICATION, DISTRIBUTION, MANUFACTURE, AND COPYRIGHT NOTICE
Place of production, publication, distribution, manufacture London
Name of producer, publisher, distributor, manufacturer Adonis & Abbey Publishers,
Date of production, publication, distribution, manufacture, or copyright notice 2019.
300 ## - PHYSICAL DESCRIPTION
Extent ix,323p
Dimensions 24cm
Other physical details ill;
336 ## - CONTENT TYPE
Content type term text
Content type code txt
Source rdacontent
337 ## - MEDIA TYPE
Media type term unmediated
Media type code n
Source rdamedia
338 ## - CARRIER TYPE
Carrier type term volume
Carrier type code nc
Source rdacarrier
504 ## - BIBLIOGRAPHY, ETC. NOTE
Bibliography, etc Includes; bibliographical references (pages 299-318) and index.
650 #0 - SUBJECT ADDED ENTRY--TOPICAL TERM
Topical term or geographic name as entry element Peace Building
9 (RLIN) 13756
906 ## - LOCAL DATA ELEMENT F, LDF (RLIN)
a 7
b cbc
c copycat
d 3
e ncip
f 20
g y-gencatlg
942 ## - ADDED ENTRY ELEMENTS (KOHA)
Source of classification or shelving scheme Dewey Decimal Classification
Koha item type Open Shelf
Holdings
Withdrawn status Lost status Source of classification or shelving scheme Damaged status Not for loan Home library Current library Date acquired Source of acquisition Inventory number Total Checkouts Full call number Barcode Date last seen Price effective from Koha item type
    Dewey Decimal Classification     MUST Main Library MUST Main Library 26/10/2021 Purchase 21/41378   308.6ART 2019 2021-1560 26/10/2021 26/10/2021 Open Shelf